000 00335nam a22001337a 4500
003 SGT
082 _a617.69
_bA26G
100 _aGahlawat, Neha
245 _aArtificial intelligence in prosthodontics and implantology
260 _aGurugram
_bSGTU
_c2026
300 _a2026
653 _a Prosthodontics & Crown Bridge
942 _2ddc
_cTH
999 _c34573
_d34573